Normal view
MARC view
- Supply and Transport Directorate
Entry Personal Name
001 - CONTROL NUMBER
- control field: 48641
003 - CONTROL NUMBER IDENTIFIER
- control field: NUST
005 - DATE AND TIME OF LATEST TRANSACTION
- control field: 20210314134104.0
008 - FIXED-LENGTH DATA ELEMENTS
- fixed length control field: 210314|| aca||aabn | a|a d
040 ## - CATALOGING SOURCE
- Original cataloging agency: NUST
- Transcribing agency: NUST
100 ## - HEADING--PERSONAL NAME
- Personal name: Supply and Transport Directorate
670 ## - SOURCE DATA FOUND
- Source citation: Work cat.: (NUST): Supply and Transport Directorate, Guide Book for Newly Commissioned Army Service Corps Officer
